|
|
|
|
| LEADER |
00000nam0a2200000 4500 |
| 001 |
281222 |
| 005 |
20231101235401.0 |
| 020 |
|
|
|a RU
|b 86-68007
|
| 035 |
|
|
|a (RuTPU)RU\TPU\book\304895
|
| 090 |
|
|
|a 281222
|
| 100 |
|
|
|a 20150120d1986 m y0rusy5003 ca
|
| 101 |
0 |
|
|a rus
|
| 102 |
|
|
|a UA
|
| 105 |
|
|
|a y z 001zy
|
| 200 |
1 |
|
|a Непереводимое в переводе
|f С. Влахов, С. Флорин
|
| 205 |
|
|
|a 2-е изд., испр. и доп.
|
| 210 |
|
|
|a Москва
|c Высшая школа
|d 1986
|
| 215 |
|
|
|a 416 с.
|
| 320 |
|
|
|a Библиогр.: с. 402-412
|
| 320 |
|
|
|a Предм. указ.: с. 413-415
|
| 606 |
1 |
|
|a Перевод
|x Теория и методика
|x Методика обучения
|2 stltpush
|3 (RuTPU)RU\TPU\subj\48482
|9 67343
|
| 610 |
1 |
|
|a переводческая деятельность
|
| 610 |
1 |
|
|a лингвистика
|
| 610 |
1 |
|
|a лексика
|
| 610 |
1 |
|
|a фразеология
|
| 610 |
1 |
|
|a реалии
|
| 610 |
1 |
|
|a иноязычные слова
|
| 610 |
1 |
|
|a обращения
|
| 610 |
1 |
|
|a звукоподражание
|
| 610 |
1 |
|
|a междометия
|
| 610 |
1 |
|
|a каламбуры
|
| 686 |
|
|
|a Ш107
|2 rubbk
|
| 700 |
|
1 |
|a Влахов
|b С.
|g Сергей
|
| 701 |
|
1 |
|a Флорин
|b С.
|g Сидер
|
| 801 |
|
0 |
|a RU
|b RuMRKP
|c 19950704
|g psbo
|
| 801 |
|
1 |
|a RU
|b 63413507
|c 20150120
|
| 801 |
|
2 |
|a RU
|b 63413507
|c 20170213
|g RCR
|
| 942 |
|
|
|c BK
|